Hands-on BASIC for the DEC professional / (Record no. 174888)
[ view plain ]
| 000 -LEADER | |
|---|---|
| fixed length control field | 01387 a2200241 4500 |
| 003 - CONTROL NUMBER IDENTIFIER | |
| control field | Nust |
| 005 - DATE AND TIME OF LATEST TRANSACTION | |
| control field | 20230509121455.0 |
| 010 ## - LIBRARY OF CONGRESS CONTROL NUMBER | |
| LC control number | 84015425 |
| 020 ## - INTERNATIONAL STANDARD BOOK NUMBER | |
| International Standard Book Number | 007049164X (pbk.) : |
| 040 ## - CATALOGING SOURCE | |
| Transcribing agency | Nust |
| 082 00 - DEWEY DECIMAL CLASSIFICATION NUMBER | |
| Classification number | 001.642,PEC |
| 100 1# - MAIN ENTRY--PERSONAL NAME | |
| Personal name | Peckham, Herbert D. |
| 9 (RLIN) | 112229 |
| 245 10 - TITLE STATEMENT | |
| Title | Hands-on BASIC for the DEC professional / |
| Statement of responsibility, etc. | Herbert Peckham with Wade Ellis, Jr., and Ed Lodi. |
| 260 ## - PUBLICATION, DISTRIBUTION, ETC. | |
| Place of publication, distribution, etc. | New York : |
| Name of publisher, distributor, etc. | McGraw-Hill, |
| Date of publication, distribution, etc. | c1985. |
| 300 ## - PHYSICAL DESCRIPTION | |
| Extent | xiii, 333 p. ; |
| Dimensions | 24 cm. |
| 440 #2 - SERIES STATEMENT/ADDED ENTRY--TITLE | |
| Title | A Computer literacy book |
| 9 (RLIN) | 112230 |
| 505 ## - FORMATTED CONTENTS NOTE | |
| Formatted contents note | Introduction to Computers and Basic (Page-5), Getting Acquainted with your Dec Professional (Page-9), Introduction to Basic (Page-19), Graphics (Page-39), Computer Arithmetic and Program Management (Page-53), Input, Output, and Simple Applications (Page-71), Decisions, Branching and Applications (Page-103), Looping and Functions (Page-133), Working with Collections of Numbers (Page-161), String Variables (Page-191), Do-It- Yourself Functions of Numbers (Page-161), String Variables (Page-191), Do-It-Yourself Functions and Subroutines (Page-211), Random Numbers and Simulations (Page-233), Files (Page-12), Advanced Graphics (Page-267). |
| 650 #0 - SUBJECT ADDED ENTRY--TOPICAL TERM | |
| Topical term or geographic name entry element | BASIC (Computer program language) |
| 9 (RLIN) | 783 |
| 650 #0 - SUBJECT ADDED ENTRY--TOPICAL TERM | |
| Topical term or geographic name entry element | DEC Professional 350 (Computer) |
| General subdivision | Programming. |
| 9 (RLIN) | 112231 |
| 700 1# - ADDED ENTRY--PERSONAL NAME | |
| Personal name | Ellis, Wade. |
| 9 (RLIN) | 112232 |
| 700 1# - ADDED ENTRY--PERSONAL NAME | |
| Personal name | Lodi, Ed. |
| 9 (RLIN) | 112233 |
| 942 ## - ADDED ENTRY ELEMENTS (KOHA) | |
| Source of classification or shelving scheme | |
| Koha item type | Book Bank |
| Withdrawn status | Lost status | Source of classification or shelving scheme | Damaged status | Not for loan | Permanent Location | Current Location | Shelving location | Date acquired | Full call number | Barcode | Date last seen | Price effective from | Koha item type | Public note |
|---|---|---|---|---|---|---|---|---|---|---|---|---|---|---|
| Military College of Signals (MCS) | Military College of Signals (MCS) | General Stacks | 12/12/2016 | 001.642,PEC | MCS337 | 12/08/2016 | 12/12/2016 | Book Bank | Almirah No.107, Shelf No.1 |
